[Event "FRA-chT3 Gr01 0607"]
[Site "France"]
[Date "2006.12.10"]
[Round "4.4"]
[White "Parodi, Philippe"]
[Black "Guerpillon, Louis"]
[Result "0-1"]
[WhiteElo "1945"]
[BlackElo "2106"]
[PlyCount "96"]
[EventDate "2006.10.15"]
[EventType "team"]
[EventRounds "9"]
[EventCountry "FRA"]
[SourceTitle "EXT 2008"]
[Source "ChessBase"]
[SourceDate "2007.11.25"]
[SourceVersion "1"]
[SourceVersionDate "2007.11.25"]
[SourceQuality "1"]

1. e4 e6 2. d4 d5 3. exd5 exd5 4. Bd3 Bd6 5. Qe2+ Be6 6. Nf3 h6 7. Bf5 Qf6 8. Bxe6 Qxe6 9. Qxe6+ fxe6 10. 0-0 Nd7 11. Re1 Kf7 12. Nbd2 Ne7 13. Nf1 Rae8 14. Bd2 Ng6 15. Ne3 c6 16. h4 Nf6 17. Rad1 Rhf8 18. a3 Ne4 19. Bb4 Ke7 20. Bxd6+ Kxd6 21. Nc4+ Kc7 22. Nce5 Nxe5 23. dxe5 g5 24. Re2 Rf4 25. hxg5 hxg5 26. Nd2 Nxd2 27. Rdxd2 c5 28. Rd3 Rh8 29. g3 Rf5 30. Kg2 Kc6 31. Rf3 Rhf8 32. Rxf5 Rxf5 33. c3 b5 34. f3 d4 35. g4 Rf4 36. Rd2 Kd5 37. b3 c4 38. bxc4+ bxc4 39. Kf2 Kxe5 40. cxd4+ Rxd4 41. Rc2 Kd5 42. Ke2 Rd3 43. a4 Kd4 44. Rb2 Rb3 45. Rd2+ Kc3 46. Rd7 Kb2 47. Rd2+ Ka3 48. a5 Rb2 0-1